Statistics for Countries With The Most Ethnic Azeris

Click here to take the quiz!

General Stats

  • This quiz has been taken 55 times
  • The average score is 11 of 15

Answer Stats

Estimated Azeri PopulationCountry% Correct
13,000,000Iran
96%
440,000Turkey
93%
360,000Georgia
91%
2,250,000Russia
91%
400,000United States
83%
200,000Germany
78%
35,556France
76%
150,000Kazakhstan
72%
50,000Ukraine
70%
44,410Uzbekistan
70%
33,365Turkmenistan
67%
80,000Canada
59%
17,227Kyrgyzstan
57%
7,000United Arab Emirates
33%
12,500Netherlands
28%

Score Distribution

Percentile by Number Answered

Percent of People with Each Score

Your Score History

You have not taken this quiz